000 00640nam a2200241Ia 4500
003 OSt
005 20221006143529.0
006 a|||||r|||| 00| 0
007 ta
008 221006b |||||||| |||| 00| 0 eng d
020 _c
_3.95
024 _a9,253
037 _bGift,
_cTextual
040 _aEASL
_cEASL
_beng
041 _2eng
_aeng
082 _aX.41.N71, L2
245 0 _aPeople's Republic of China
_b An economic assessment
260 _aWashington
_bUS Government Printing Office
_c1972
300 _a382p.
_ccm.
490 _v CEL
942 _hX.41.N71, L2
_cTEXL
_2CC
999 _c1077339
_d1077339